Obce okresu Vyškov - Statistics

General Stats
  • This quiz has been taken 66 times
  • The average score is 43 of 79
Answer Stats
Počet obyvatel Odpověď % Correct
20 645 Vyškov
96%
2 978 Ivanovice na Hané
88%
7 258 Slavkov u Brna
88%
6 891 Bučovice
84%
2 405 Drnovice
84%
983 Luleč
84%
5 962 Rousínov
84%
1 839 Holubice
76%
2 068 Křenovice
76%
621 Drysice
72%
1 121 Nesovice
72%
1 928 Pustiměř
72%
503 Studnice
72%
767 Komořany
68%
459 Podomí
68%
328 Zelená Hora
68%
971 Bohdalice-Pavlovice
64%
928 Habrovany
64%
621 Hoštice-Heroltice
64%
420 Krásensko
64%
300 Lysovice
64%
428 Nemotice
64%
102 Nové Sady
64%
647 Olšany
64%
710 Prusy-Boškůvky
64%
451 Radslavice
64%
640 Ruprechtov
64%
909 Brankovice
60%
288 Chvalkovice
60%
843 Hoštěrádky-Rešov
60%
578 Hvězdlice
60%
390 Ježkovice
60%
852 Křižanovice
60%
875 Nemojany
60%
434 Vážany
60%
1 225 Velešovice
60%
948 Dražovice
56%
924 Heršpice
56%
751 Lovčičky
56%
325 Nemochovice
56%
422 Nevojice
56%
304 Orlovice
56%
1 585 Otnice
56%
163 Podivice
56%
1 351 Račice-Pístovice
56%
766 Vážany nad Litavou
56%
727 Zbýšov
56%
720 Kobeřice u Brna
52%
811 Němčany
52%
382 Topolany
52%
265 Uhřice
52%
1 255 Bošovice
48%
784 Hrušky
48%
110 Kožušice
48%
143 Křižanovice u Vyškova
48%
150 Malínky
48%
797 Nížkovice
48%
621 Rostěnice-Zvonovice
48%
246 Bohaté Málkovice
44%
362 Milonice
44%
592 Moravské Málkovice
44%
232 Dobročkovice
40%
279 Dětkovice
36%
1 388 Letonice
36%
694 Rašovice
36%
658 Tučapy
36%
546 Hlubočany
32%
1 074 Hodějice
32%
496 Kučerov
32%
716 Milešovice
32%
1 069 Šaratice
32%
398 Kozlany
28%
495 Mouřínov
28%
259 Rybníček
28%
1 037 Švábenice
28%
370 Kojátky
20%
427 Medlovice
20%
296 Podbřežice
12%
338 Snovídky
12%
No matching quizzes found
Score Distribution
Percent of People with Each Score
Percentile by Number Answered
Your Score History
You have not taken this quiz